[Event "Backa Topola-ch"]
[Site "Backa Topola"]
[Date "2012.11.21"]
[Round "2"]
[White "Halasi, Jozsef"]
[Black "Janjusevic, Branislav"]
[Result "1-0"]
[WhiteElo "2146"]
[BlackElo "1961"]
[PlyCount "27"]
[EventDate "2012.11.19"]
[EventType "swiss"]
[EventRounds "9"]
[EventCountry "SRB"]
[SourceTitle "EXT 2014"]
[Source "ChessBase"]
[SourceDate "2013.11.20"]
[SourceVersion "1"]
[SourceVersionDate "2013.11.20"]
[SourceQuality "1"]

1. e4 d5 2. exd5 Nf6 3. Bb5+ Nbd7 4. Nc3 a6 5. Ba4 b5 6. Bb3 Nb6 7. d4 Nbxd5 8. Nxd5 e6 9. Nxf6+ Qxf6 10. Qf3 Qxf3 11. Nxf3 Bb7 12. Bf4 Bxf3 13. gxf3 0-0-0 14. 0-0-0 1-0

[Event "Backa Topola-ch"]
[Site "Backa Topola"]
[Date "2011.11.23"]
[Round "6"]
[White "Halasi, Jozsef"]
[Black "Pacal, Mihaly"]
[Result "1/2-1/2"]
[WhiteElo "2119"]
[BlackElo "2135"]
[PlyCount "34"]
[EventDate "2011.11.11"]
[EventType "swiss"]
[EventRounds "9"]
[EventCountry "SRB"]
[SourceTitle "CBM 145 Extra"]
[Source "ChessBase"]
[SourceDate "2012.01.03"]
[SourceVersion "1"]
[SourceVersionDate "2012.01.03"]
[SourceQuality "1"]

1. e4 c5 2. g3 d5 3. exd5 Qxd5 4. Nf3 Bg4 5. Bg2 Qe6+ 6. Kf1 Nc6 7. h3 Bh5 8. Nc3 Qd7 9. d3 e6 10. g4 Bg6 11. Nh4 Be7 12. Nxg6 hxg6 13. a4 Nf6 14. a5 a6 15. Na4 Qc7 16. Nb6 Rd8 17. Nc4 Nd5 1/2-1/2

[Event "Senta op-A 12th"]
[Site "Senta"]
[Date "2008.07.18"]
[Round "1"]
[White "Halasi, Jozsef"]
[Black "Petkovic, Radosav"]
[Result "0-1"]
[WhiteElo "2145"]
[BlackElo "2314"]
[PlyCount "90"]
[EventDate "2008.07.18"]
[EventType "swiss"]
[EventRounds "9"]
[EventCountry "YUG"]
[SourceTitle "CBM 125 Extra"]
[Source "ChessBase"]
[SourceDate "2008.09.01"]
[SourceVersion "1"]
[SourceVersionDate "2008.09.01"]
[SourceQuality "1"]

1. e4 e5 2. d4 exd4 3. Qxd4 Nc6 4. Qe3 Nf6 5. Nc3 Bb4 6. Bd2 0-0 7. 0-0-0 Re8 8. Bc4 d6 9. Nge2 Ne5 10. Bb3 c6 11. f4 Bc5 12. Qg3 Nh5 13. Qe1 Ng4 14. Rf1 Nhf6 15. e5 dxe5 16. fxe5 Nd5 17. Nxd5 cxd5 18. Qg3 Rxe5 19. Bc3 Rxe2 20. Rxd5 Qb6 21. Rxc5 Qxc5 22. Rxf7 Qe3+ 23. Qxe3 Rxe3 24. Rf6+ Be6 25. Rxe6 Kh8 26. h3 Rxe6 27. Bxe6 Nf6 28. Bxf6 gxf6 29. c4 Re8 30. Bd5 b6 31. Kd2 f5 32. b4 Kg7 33. Kd3 Kf6 34. Kd4 Re2 35. a4 Rd2+ 36. Kc3 Rd1 37. Bf3 Rc1+ 38. Kd4 Ra1 39. Bc6 Rd1+ 40. Kc3 Ke5 41. a5 Rc1+ 42. Kb3 Kd4 43. axb6 axb6 44. Bb5 Rb1+ 45. Ka3 Kc3 0-1

[Event "Bajmok op 9th"]
[Site "Bajmok"]
[Date "2006.12.27"]
[Round "7"]
[White "Halasi, Jozsef"]
[Black "Brindza, Istvan"]
[Result "1-0"]
[WhiteElo "2136"]
[BlackElo "2083"]
[PlyCount "83"]
[EventDate "2006.12.09"]
[EventType "swiss"]
[EventRounds "9"]
[EventCountry "SRB"]
[SourceTitle "EXT 2022"]
[Source "ChessBase"]
[SourceDate "2021.10.06"]
[SourceVersion "1"]
[SourceVersionDate "2021.10.06"]
[SourceQuality "1"]

1. e4 d6 2. d4 Nf6 3. Nc3 e5 4. Nf3 Nbd7 5. Bc4 Be7 6. dxe5 Nxe5 7. Nxe5 dxe5 8. Qe2 c6 9. a4 b6 10. 0-0 0-0 11. Rd1 Qc7 12. Rd3 a6 13. Rg3 Bb7 14. Bh6 Ne8 15. Rd1 b5 16. Bb3 Rd8 17. Qh5 Rd6 18. Rdd3 Rxd3 19. cxd3 Qd6 20. axb5 axb5 21. Nd1 Bc8 22. Ne3 Bf6 23. Nf5 Bxf5 24. exf5 Qb4 25. Qd1 Kh8 26. Bd2 Qe7 27. Qh5 g6 28. fxg6 fxg6 29. Rxg6 Bh4 30. g3 Bf6 31. Rh6 Qg7 32. Bb4 Be7 33. Bxe7 Qxe7 34. Re6 Qb4 35. Qxe5+ Ng7 36. Re7 Qg4 37. h3 Qg6 38. Be6 Ra8 39. Bf5 Qg5 40. h4 Qh6 41. Be4 Kg8 42. Bxc6 1-0

[Event "Bajmok op 9th"]
[Site "Bajmok"]
[Date "2006.12.16"]
[Round "4"]
[White "Gabric, Goran"]
[Black "Halasi, Jozsef"]
[Result "1/2-1/2"]
[WhiteElo "1990"]
[BlackElo "2136"]
[PlyCount "99"]
[EventDate "2006.12.09"]
[EventType "swiss"]
[EventRounds "9"]
[EventCountry "SRB"]
[SourceTitle "EXT 2022"]
[Source "ChessBase"]
[SourceDate "2021.10.06"]
[SourceVersion "1"]
[SourceVersionDate "2021.10.06"]
[SourceQuality "1"]

1. e4 d6 2. d4 Nf6 3. Bc4 g6 4. Nc3 Bg7 5. Nf3 0-0 6. 0-0 Nxe4 7. Bxf7+ Rxf7 8. Nxe4 h6 9. h3 Nd7 10. c3 e5 11. dxe5 Nxe5 12. Nxe5 Bxe5 13. f4 Bg7 14. Ng3 Qh4 15. Qd3 Qf6 16. Be3 Bf5 17. Nxf5 Qxf5 18. Qd2 h5 19. Rae1 a6 20. Qe2 Re8 21. Qf3 Rfe7 22. Rf2 Qe4 23. Qxe4 Rxe4 24. Rfe2 d5 25. Kf2 Bh6 26. Bd2 Rxe2+ 27. Rxe2 Kf7 28. Rxe8 Kxe8 29. g4 hxg4 30. hxg4 Kd7 31. Kf3 Kd6 32. Be3 c5 33. Bf2 Bf8 34. Bg3 Ke6 35. b3 b5 36. Be1 Be7 37. Ke3 Bf6 38. Kd3 c4+ 39. Ke3 Bd8 40. Ke2 cxb3 41. axb3 a5 42. Kd3 a4 43. bxa4 bxa4 44. c4 Bf6 45. cxd5+ Kxd5 46. Bc3 Be7 47. Bb2 a3 48. Bc3 a2 49. Kc2 Bd8 50. Kb2 1/2-1/2

[Event "Senta op-A 10th"]
[Site "Senta"]
[Date "2006.07.28"]
[Round "9"]
[White "Molnar, Laszlo1111"]
[Black "Halasi, Jozsef"]
[Result "1-0"]
[WhiteElo "2104"]
[BlackElo "2133"]
[PlyCount "133"]
[EventDate "2006.07.21"]
[EventType "swiss"]
[EventRounds "9"]
[EventCountry "YUG"]
[SourceTitle "CBM 113 Extra"]
[Source "ChessBase"]
[SourceDate "2006.09.14"]
[SourceVersion "1"]
[SourceVersionDate "2006.09.14"]
[SourceQuality "1"]

1. d4 Nf6 2. c4 g6 3. Nc3 Bg7 4. e4 d6 5. Nge2 0-0 6. Ng3 Nbd7 7. Be2 c6 8. 0-0 e5 9. d5 cxd5 10. cxd5 a5 11. Be3 b6 12. Qd2 Nc5 13. Bh6 Rb8 14. Bxg7 Kxg7 15. Bb5 h6 16. Rae1 Ba6 17. Bxa6 Nxa6 18. f4 Nd7 19. f5 b5 20. Rf3 Nac5 21. Ref1 Nf6 22. fxg6 fxg6 23. Qe2 b4 24. Nd1 Ncd7 25. Ne3 Kh7 26. h4 Qb6 27. Kh2 b3 28. a3 Rbc8 29. h5 g5 30. Kh1 a4 31. Ng4 Rc2 32. Nxf6+ Nxf6 33. Qd1 Qc5 34. Qd3 Rc1 35. Rxc1 Qxc1+ 36. Qf1 Qxf1+ 37. Rxf1 Nxh5 38. Rxf8 Nxg3+ 39. Kg1 Nxe4 40. Ra8 Nc5 41. Rd8 Ne4 42. Rb8 Kg7 43. Rb6 Kf7 44. Ra6 Nc5 45. Rxd6 Nd3 46. Rxh6 Nxb2 47. Ra6 Ke7 48. Kf2 Nd1+ 49. Ke1 Nc3 50. d6+ Kd7 51. Rb6 Nd5 52. Rb5 Kxd6 53. Kd2 e4 54. Rb8 Ke5 55. Ra8 e3+ 56. Kd3 e2 57. Kd2 b2 58. Rb8 Nc3 59. Rxb2 Kf4 60. Rc2 Nb1+ 61. Kxe2 Nxa3 62. Ra2 Nb1 63. Rxa4+ Kg3 64. Kf1 Nd2+ 65. Kg1 g4 66. Rb4 Kh4 67. Kf2 1-0

[Event "Senta op-A 10th"]
[Site "Senta"]
[Date "2006.07.24"]
[Round "5"]
[White "Farkas, Tibor"]
[Black "Halasi, Jozsef"]
[Result "1-0"]
[WhiteElo "2313"]
[BlackElo "2133"]
[PlyCount "49"]
[EventDate "2006.07.21"]
[EventType "swiss"]
[EventRounds "9"]
[EventCountry "YUG"]
[SourceTitle "CBM 113 Extra"]
[Source "ChessBase"]
[SourceDate "2006.09.14"]
[SourceVersion "1"]
[SourceVersionDate "2006.09.14"]
[SourceQuality "1"]

1. e4 e5 2. Nf3 Nf6 3. Nxe5 d6 4. Nf3 Nxe4 5. d4 d5 6. Bd3 Bd6 7. 0-0 0-0 8. c4 c6 9. Qc2 Nd7 10. Bxe4 dxe4 11. Qxe4 Re8 12. Qc2 Nf6 13. Bg5 Bg4 14. Nbd2 Re2 15. Qc3 Qc7 16. Bxf6 gxf6 17. h3 Bh5 18. Rfe1 Rae8 19. Kf1 Qe7 20. Qd3 Re6 21. Rxe6 fxe6 22. Re1 Bg6 23. Qe3 Qc7 24. Ne4 Bf4 25. Nxf6+ 1-0

[Event "Bajmok op 8th"]
[Site "Bajmok"]
[Date "2006.01.06"]
[Round "9"]
[White "Halasi, Jozsef"]
[Black "Pletl, Akos"]
[Result "0-1"]
[WhiteElo "2144"]
[BlackElo "2131"]
[PlyCount "150"]
[EventDate "2005.12.23"]
[EventType "swiss"]
[EventRounds "9"]
[EventCountry "YUG"]
[SourceTitle "CBM 110 Extra"]
[Source "ChessBase"]
[SourceDate "2006.03.10"]
[SourceVersion "2"]
[SourceVersionDate "2006.03.10"]
[SourceQuality "1"]

1. e4 e5 2. Nf3 Nf6 3. Nc3 d6 4. d4 Nbd7 5. Bc4 Be7 6. 0-0 0-0 7. Re1 c6 8. a4 b6 9. Bg5 Bb7 10. Bb3 a6 11. Qd2 Qc7 12. Qd3 b5 13. axb5 axb5 14. h3 Nb6 15. dxe5 dxe5 16. Qe3 Nbd7 17. Nd2 Rfd8 18. Qf3 h6 19. Be3 Bc5 20. Ne2 Bxe3 21. Qxe3 c5 22. c3 c4 23. Bc2 Nc5 24. Rxa8 Rxa8 25. f3 Re8 26. b4 Ne6 27. Ra1 Nh5 28. g3 Ng5 29. Kg2 Qd7 30. Nf1 Qxh3+ 31. Kf2 Qe6 32. Qc5 Qf6 33. Qe3 Re6 34. Ra7 Bc6 35. Rc7 Qd8 36. Ra7 Rf6 37. Ng1 Qb8 38. Ra5 Rd6 39. Ke1 Ne6 40. Kf2 Nf6 41. Ne2 Nh7 42. Nh2 Nhg5 43. Ng4 f6 44. f4 Nf7 45. Nh2 Qe8 46. Nf3 exf4 47. gxf4 Nc7 48. Ned4 Rd8 49. Ra7 Ne6 50. Nf5 Rd7 51. Ra6 Qc8 52. Qb6 Bb7 53. Qxe6 Bxa6 54. Ne7+ Rxe7 55. Qxe7 Qd8 56. Qe6 Bc8 57. Qc6 Bd7 58. Qc5 Qb8 59. Ke3 g5 60. fxg5 hxg5 61. e5 g4 62. Qe7 Qb6+ 63. Nd4 fxe5 64. Qxd7 exd4+ 65. cxd4 Qh6+ 66. Ke2 Qh2+ 67. Kd1 Qg1+ 68. Kd2 Qf2+ 69. Kc1 Qe1+ 70. Bd1 Qe3+ 71. Kb1 g3 72. Qg4+ Qg5 73. Qd7 Kg7 74. Bf3 g2 75. Bxg2 Qxg2 0-1

[Event "Bajmok op 8th"]
[Site "Bajmok"]
[Date "2006.01.04"]
[Round "8"]
[White "Gabric, Goran"]
[Black "Halasi, Jozsef"]
[Result "0-1"]
[WhiteElo "2001"]
[BlackElo "2144"]
[PlyCount "112"]
[EventDate "2005.12.23"]
[EventType "swiss"]
[EventRounds "9"]
[EventCountry "YUG"]
[SourceTitle "CBM 110 Extra"]
[Source "ChessBase"]
[SourceDate "2006.03.10"]
[SourceVersion "2"]
[SourceVersionDate "2006.03.10"]
[SourceQuality "1"]

1. e4 d6 2. d4 Nf6 3. Nc3 g6 4. Bc4 Bg7 5. Nf3 0-0 6. 0-0 Nxe4 7. Nxe4 d5 8. Bd3 dxe4 9. Bxe4 c5 10. dxc5 Qc7 11. c3 Na6 12. Qe2 Nxc5 13. Bc2 b6 14. Re1 e5 15. Be3 Ba6 16. Qd2 Rad8 17. Qc1 Bd3 18. Bxc5 Qxc5 19. Bxd3 Rxd3 20. Qc2 Rfd8 21. Red1 Qd5 22. Qxd3 Qxd3 23. Rxd3 Rxd3 24. Kf1 e4 25. Ke2 Bh6 26. a4 a5 27. Rb1 f6 28. h3 Kf7 29. h4 Bf4 30. Nd4 Rd2+ 31. Ke1 e3 32. fxe3 Bxe3 33. Ne2 Rd3 34. Nc1 Rd2 35. Ne2 Ke6 36. b4 Ra2 37. bxa5 bxa5 38. Nd4+ Bxd4 39. cxd4 Rxa4 40. Rb6+ Kd5 41. Rxf6 Rxd4 42. h5 Rg4 43. hxg6 hxg6 44. Kf2 Kc4 45. Kf3 Rg5 46. Rc6+ Kb5 47. Rc8 a4 48. g4 Kb4 49. Rb8+ Rb5 50. Ra8 a3 51. Ke3 Kb3 52. Ra6 a2 53. Kd3 Kb2 54. Kc4 Rb8 55. Rxg6 a1Q 56. Rf6 Qc1+ 0-1

[Event "Bajmok op 8th"]
[Site "Bajmok"]
[Date "2005.12.26"]
[Round "2"]
[White "Halasi, Jozsef"]
[Black "Jovicic, Aleksandar"]
[Result "1/2-1/2"]
[WhiteElo "2144"]
[BlackElo "2080"]
[PlyCount "75"]
[EventDate "2005.12.23"]
[EventType "swiss"]
[EventRounds "9"]
[EventCountry "YUG"]
[SourceTitle "CBM 110 Extra"]
[Source "ChessBase"]
[SourceDate "2006.03.10"]
[SourceVersion "2"]
[SourceVersionDate "2006.03.10"]
[SourceQuality "1"]

1. e4 c5 2. b3 e6 3. Bb2 d5 4. exd5 exd5 5. Bb5+ Nc6 6. d4 Qa5+ 7. Nc3 cxd4 8. Qxd4 Be6 9. Nge2 Nf6 10. 0-0 Be7 11. Nf4 Qb4 12. Nxe6 fxe6 13. Bxc6+ bxc6 14. Qe5 Qd6 15. Rfe1 Kf7 16. Ne2 Qxe5 17. Bxe5 Bc5 18. Nd4 Bxd4 19. Bxd4 a6 20. Re3 Rhe8 21. Rae1 a5 22. a3 h6 23. f3 Nd7 24. b4 axb4 25. axb4 Ra4 26. c3 Ra2 27. f4 Nf6 28. Bxf6 Kxf6 29. Re5 Rc2 30. R5e3 h5 31. R1e2 Rxe2 32. Rxe2 Kf5 33. g3 e5 34. fxe5 Rxe5 35. Rf2+ Kg5 36. Kg2 Re3 37. Rf3 Re2+ 38. Rf2 1/2-1/2